Sports Quiz

Random Sports or Country Quiz

NBA - Most Points per Birth Country Quiz Stats

 Plays Quiz not verified by Sporcle

Challenge
Share
Tweet
Embed
Score 0/72 Timer 10:00
0 Plays Today
Career Points NBA Player % Correct
38387Kareem Abdul-Jabbar
95.2%
25051*Dirk Nowitzki
92%
26946Hakeem Olajuwon
82.9%
14917*Tony Parker
80.2%
15535*Pau Gasol
78.8%
10819*Manu Ginobili
73.1%
17285*Steve Nash
70.9%
24815Patrick Ewing
58.3%
9848*Luol Deng
57.8%
11729Dikembe Mutombo
53.7%
13398Vlade Divac
53.1%
26668Dominique Wilkins
52.6%
9202*Andrei Kirilenko
51.7%
10675*Hedo Turkoglu
51.2%
5365*Andrew Bogut
43.7%
7793*Nene Hilario
43.7%
13647Peja Stojakovic
43.7%
6581*Andrea Bargnani
41.2%
2927*Serge Ibaka
36.8%
10636*Ben Gordon
34.9%
12871Rik Smits
33.8%
3064*Marcin Gortat
31.4%
10976Zydrunas Ilgauskas
30%
2034*Omri Casspi
29.5%
2815*Thabo Sefolosha
28.8%
5345*Al Horford
27.7%
70Ha Seung-Jin
25.1%
4684*Zaza Pachulia
20.5%
1674*Jonas Jerebko
17.8%
1921*Greivis Vasquez
15.8%
456*Hasheem Thabeet
14.9%
3244*Andris Biedrins
14.8%
9991Rony Seikaly
14.5%
5715*Beno Udrih
14.3%
3052Eduardo Najera
14%
26Alvin Jones
13.8%
Career Points NBA Player % Correct
12810Mychal Thompson
13.4%
17623Rolando Blackman
13.4%
8966Rick Fox
13.2%
339Hamed Haddadi
12.8%
2296*Luc Mbah a Moute
10.9%
1185DeSagana Diop
10.5%
5879Vladimir Radmanovic
7.2%
638Sean Marks
6.8%
2787*Sasha Pavlovic
5.5%
715Hanno Mottola
4.6%
1519Jiri Welsch
4.5%
3995Vitaly Potapenko
4.3%
2989Adonal Foyle
4.2%
1465Alaa Abdelnaby
4%
8265Olden Polynice
4%
7Yuta Tabuse
3.8%
9904Tom Meschery
3.5%
389Martin Muursepp
2.9%
282Joe Alexander
2.9%
468Pat Burke
2.8%
108Antonis Fotsis
2.6%
121Esteban Batista
2.5%
239Georgi Glouchkov
2%
549Kornel David
1.8%
693Petur Gudmundsson
1.2%
68Soumaila Samake
1.1%
5124Ernie Grunfeld
1.1%
4Torgeir Bryn
0.9%
83Stephane Lasme
0.8%
170Rawle Marshall
0.8%
2Garth Joseph
0.6%
53Richard Petruska
0.6%
62Lazaro Borrell
0.5%
76Lars Hansen
0.5%
896Mike Flynn
0.3%
2747Ken Charles
0.3%

You're not logged in!

Compare scores with friends on all Sporcle quizzes.
Join for Free
OR
Log In

You Might Also Like...

Show Comments

Extras

Top Quizzes Today


Score Distribution

Your Account Isn't Verified!

In order to create a playlist on Sporcle, you need to verify the email address you used during registration. Go to your Sporcle Settings to finish the process.

Report this User

Report this user for behavior that violates our Community Guidelines.

Details: